Furniture making / (Record no. 746)

MARC details
000 -LEADER
fixed length control field 00447nam a22001697a 4500
005 - DATE AND TIME OF LATEST TRANSACTION
control field 20230130065103.0
008 - FIXED-LENGTH DATA ELEMENTS--GENERAL INFORMATION
fixed length control field 230130b |||||||| |||| 00| 0 eng d
020 ## - INTERNATIONAL STANDARD BOOK NUMBER
International Standard Book Number 978-93-5115-432-7
082 ## - DEWEY DECIMAL CLASSIFICATION NUMBER
Classification number 684.1 T531 2015
110 ## - MAIN ENTRY--CORPORATE NAME
Corporate name or jurisdiction name as entry element 3G Elearning
Relator term author
245 ## - TITLE STATEMENT
Title Furniture making /
Statement of responsibility, etc. 3G Elearning
260 ## - PUBLICATION, DISTRIBUTION, ETC.
Place of publication, distribution, etc. UAE:
Name of publisher, distributor, etc. 3G Elearning,
Date of publication, distribution, etc. c2015.
300 ## - PHYSICAL DESCRIPTION
Extent vii, 267p.;
Other physical details ill.
541 ## - IMMEDIATE SOURCE OF ACQUISITION NOTE
Accession number 5753
650 ## - SUBJECT ADDED ENTRY--TOPICAL TERM
Topical term or geographic name entry element Furniture making
650 ## - SUBJECT ADDED ENTRY--TOPICAL TERM
Topical term or geographic name entry element Woodwork
Holdings
Withdrawn status Lost status Source of classification or shelving scheme Damaged status Not for loan Home library Current library Date acquired Total Checkouts Full call number Barcode Date last seen Copy number Price effective from Koha item type
    Dewey Decimal Classification     ctu-moalboal ctu-moalboal 01/14/2019   684.1 T531 2015 5753 01/30/2023 1 01/30/2023 Books-Reference